00233nam a2200085Ia 450000100070000000500170000700800410002424500600006526000220012571224120250826162823.0250824s9999 xx 000 0 und d 0aTARİHİMİZDE GARİP VAKALARcREŞAD EKREM KOÇU bDOĞAN YAYINLARI